BIBLIOTHÈQUE DE LA MAISON DU MEXIQUE

Logo 1 Logo 2

Los mexicas y la triple alianza (notice nᵒ 2544)

détails MARC
000 -Sello discográfico
campo de control de longitud fija 01302nam a2200373 4500
005 - Identificación de versión
campo de control 20251017062805.0
010 ## - Número Estándar Internacional de Libros (ISBN)
Número (ISBN) 968-6254-04-8
035 ## - Otros números de control del sistema
Número de control del sistema 23443
099 ## - fechas locales
Tipo de ítem Koha LIBRO
100 ## - Datos de procesamiento general
Datos de procesamiento general 19980112d1990 m y1spay5003 ba
105 ## - Campo de datos codificados: Material textual, monográfico
Datos codificados de monografía a 001zy
200 1# - Título y mención de responsabilidad
Título propio Los mexicas y la triple alianza
Designación general del material texto impreso
Primer mención de responsabilidad Robert H. Barlow
Declaración de responsabilidad subsiguiente edición Jesús Monjarás-Ruíz, Elena Limón y María de la Cruz Paillés H.
205 ## - Declaración de edición
Declaración de edición 1a ed
210 ## - Publicación, distribución, etc.
Lugar de publicación, distribución, etc. México
Nombre del editor, distribuidor, etc. Instituto Nacional de Antropología e Historia
-- Universidad de las Américas
Fecha de publicación, distribución, etc. 1990
215 ## - Descripción física
Designación de material específico y extensión del ítem 320 p
Otras características físicas 3 h. pleg., il., fot.
Dimensiones 21 cm
300 ## - Notas generales
Texto de la nota Incluye bibliografía e índice onomástico
345 ## - Nota de información de adquisición
Fuente de adquisición/dirección de la suscripción [OBSOLETO] Donación
410 #1 - Series
Título Obras de Robert H. Barlow
Número de volumen 3
606 ## - Término temático usado como materia
Elemento de entrada Aztecas
Subdivisión temática Historia
Número Koha 353
606 ## - Término temático usado como materia
Elemento de entrada Indios de México
Subdivisión temática Historia
Número Koha 417
607 ## - Nombre geográfico utilizado como tema
Elemento de entrada México
Subdivisión temática Historia
Subdivisión cronológica Hasta 1519
Número Koha 127
660 ## - Código de área geográfica
Código MX
700 ## - Nombre personal - Responsabilidad primaria
Elemento de entrada Barlow
Parte del nombre distinta del elemento de entrada Robert Hayward
Fechas 1918-1951
Número Koha 355
702 ## - Nombre personal - Responsabilidad secundaria
Elemento de entrada Limón
Parte del nombre distinta del elemento de entrada Elena
Número Koha 356
702 ## - Nombre personal - Responsabilidad secundaria
Elemento de entrada Monjarás Ruiz
Parte del nombre distinta del elemento de entrada Jesús
Fechas 1941-2010
Número Koha 357
702 ## - Nombre personal - Responsabilidad secundaria
Elemento de entrada Paillés Hernández
Parte del nombre distinta del elemento de entrada María de la Cruz
Número Koha 358
801 #0 - Fuente de origen
Agencia cm
900 ## -
-- 1/15413
900 ## -
-- 710986980\\120198
942 ## - ELEMENTOS DE ENTRADA SECUNDARIOS (KOHA)
Tipo de ítem Koha Livre
996 ## -
-- MEX
-- 751145101
-- MMAG
-- 007023
-- 972.014 B258M
-- 20221118LIV
Exemplaires
Estatus retirado Estado de daño Estado de pérdida Fecha de adquisición Biblioteca de origen Biblioteca actual Ubicación en estantería Código de barras Precio de reemplazo Signatura topográfica completa No para préstamo Tipo de ítem Koha Nota pública Nota no pública
      05/08/2025 Casa México Paris Casa México Paris   007023 05/08/2025 972.014 B258M   Livre 20221118LIV 751145101